[Event "Better"]
[Site "http://www.queenalice.com/game.php?id=1133195"]
[Date "2012.12.21"]
[Round "-"]
[White "GOOD"]
[Black "Ew"]
[Result "0-1"]
[WhiteElo "1651"]
[BlackElo "1670"]

1. e4 e5 2. Nf3 Nc6 3. a3 Nf6 4. Nc3 d5 5. exd5 Nxd5 6. Bb5 Nxc3 7. Bxc6+ bxc6
8. bxc3 Bd6 9. d3 Bf5 10. O-O e4 11. dxe4 Bxe4 12. Re1 Qe7 13. Ng5 O-O-O 14.
Nxe4 Bxh2+ 15. Kxh2 Rxd1 16. Rxd1 Qxe4 17. Ra2 Qe5+ 18. Kg1 Qxc3 19. Bd2 Qd4 20.
c3 Qc4 21. Rb2 Qa4 22. Rdb1 Rd8 23. Ra1 g6 24. Rb4 Qc2 25. Be3 Qxc3 26. Ra2 Qe5
27. g3 Rd1+ 28. Kg2 Qd5+ 29. f3 Qxa2+ 30. Kh3 Rh1+ 31. Kg4 Qe6+ 0-1

[Event "Challenge"]
[Site "http://www.queenalice.com/game.php?id=1133778"]
[Date "2012.12.23"]
[Round "-"]
[White "Ew"]
[Black "GOOD"]
[Result "1-0"]
[WhiteElo "1648"]
[BlackElo "1613"]

1. e4 e5 2. Nf3 Nc6 3. Bb5 Qf6 4. Bxc6 Qxc6 5. Nc3 d6 6. d4 Bg4 7. d5 Qd7 8. h3
Bxf3 9. Qxf3 a6 10. O-O Nf6 11. Bg5 Be7 12. a4 h6 13. Bxf6 Bxf6 14. Qg3 O-O 15.
b3 c5 16. a5 Rfc8 17. Na4 Bd8 18. Qc3 Rcb8 19. g4 b5 20. Nb6 Bxb6 21. axb6 Rxb6
22. Qd2 Rc8 23. f4 exf4 24. Qxf4 Rf8 25. c3 c4 26. b4 Re8 27. Qe3 Rf8 28. Qxb6
Ra8 29. Rxa6 Rxa6 30. Qxa6 g5 31. Qa8+ Kg7 32. Qa2 Kg6 33. Qf2 Kg7 34. Qf6+ Kf8
35. Qxh6+ Ke8 36. Qxg5 Qe7 37. Qxe7+ Kxe7 38. Kg2 1-0

[Event "Challenge"]
[Site "http://www.queenalice.com/game.php?id=1134347"]
[Date "2012.12.25"]
[Round "-"]
[White "GOOD"]
[Black "Ew"]
[Result "0-1"]
[WhiteElo "1607"]
[BlackElo "1696"]

1. e4 e5 2. Nf3 Nc6 3. a3 Nf6 4. Nc3 d5 5. exd5 Nxd5 6. Nxd5 Qxd5 7. h3 e4 8.
Ng1 Bc5 9. d3 Qf5 10. Be3 Bxe3 11. fxe3 exd3 12. Bxd3 Qe5 13. Qc1 O-O 14. Nf3
Qg3+ 15. Kf1 Ne5 16. Qe1 Qxe1+ 17. Rxe1 Nxf3 18. gxf3 g6 19. Rg1 Bxh3+ 20. Ke2
b6 21. Rg3 Be6 22. b4 a5 23. bxa5 Rxa5 24. Ra1 f5 25. f4 c5 26. c4 Kg7 27. Kf3
Rd8 28. Be2 h6 29. Bf1 Kf6 30. Rh3 h5 31. Be2 Rda8 32. e4 Rxa3+ 33. Rxa3 Rxa3+
34. Kg2 Rxh3 35. Kxh3 fxe4+ 36. Kg3 Kf5 37. Bd1 g5 38. fxg5 Kxg5 39. Be2 h4+ 40.
Kh2 h3 41. Bf1 Kh4 42. Be2 e3 43. Bd3 Bg4 44. Kg1 e2 45. Bxe2 Bxe2 46. Kf2 Bxc4
47. Kg1 Kg3 48. Kh1 Bd5+ 49. Kg1 h2+ 50. Kf1 h1=Q+ 51. Ke2 Qf3+ 52. Ke1 Qf2+ 53.
Kd1 Bb3+ 54. Kc1 Qc2# 0-1

[Event "I want very. I know"]
[Site "http://www.queenalice.com/game.php?id=1135480"]
[Date "2012.12.29"]
[Round "-"]
[White "Ew"]
[Black "GOOD"]
[Result "1-0"]
[WhiteElo "1722"]
[BlackElo "1662"]

1. e4 e5 2. d4 d6 3. d5 Bd7 4. Nc3 a6 5. Nf3 h6 6. b3 Nf6 7. Bb2 Be7 8. Bc4 O-O
9. O-O c6 10. dxc6 Bxc6 11. Nd5 a5 12. Nxe7+ Qxe7 13. Nd2 Nxe4 14. Nxe4 Bxe4 15.
Bd5 Bxd5 16. Qxd5 Nc6 17. Rfd1 Rad8 18. Bc3 Qe6 19. Qxe6 fxe6 20. g3 b6 21. a4
Rf3 22. Bb2 e4 23. Bd4 Nxd4 24. Rxd4 e3 25. fxe3 Rxe3 26. Rc4 Re2 27. Rc1 Kf8
28. Rc6 Ke7 29. Rxb6 Rc8 30. c4 Re3 31. Rd1 Rd8 32. Kf2 Rc3 33. h4 d5 34. cxd5
Rxd5 35. Rxd5 exd5 36. Rb5 Ke6 37. Rxa5 Rxb3 38. Ra7 g6 39. Rg7 Kf6 40. Rd7 Ra3
41. Rxd5 Rxa4 42. Kf3 h5 43. Rg5 Rb4 44. g4 Rb3+ 45. Kf4 Rb4+ 46. Kg3 Rb3+ 47.
Kf4 Rb4+ 48. Kg3 Re4 49. gxh5 gxh5 50. Rxh5 Kg6 51. Ra5 Kh6 52. Rf5 Kg6 53. Rf4
Re5 54. Kg4 Rh5 55. Rd4 Rh8 56. Rd6+ Kg7 57. h5 Ra8 58. h6+ Kh7 59. Kg5 Rg8+ 60.
Kh5 Rh8 61. Rd7+ Kg8 62. Kg6 Kf8 63. Rf7+ Ke8 64. h7 Rxh7 65. Rxh7 Kf8 66. Kf6
Kg8 67. Ra7 Kh8 68. Kg6 Kg8 69. Ra8# 1-0

[Event "C'est la vie."]
[Site "http://www.queenalice.com/game.php?id=1135655"]
[Date "2012.12.30"]
[Round "-"]
[White "GOOD"]
[Black "Ew"]
[Result "0-1"]
[WhiteElo "1644"]
[BlackElo "1711"]

1. e4 e5 2. Nf3 Nc6 3. a3 d5 4. Bd3 Nf6 5. c3 dxe4 6. Bb5 exf3 7. Qxf3 e4 8.
Bxc6+ bxc6 9. Qe3 Qd5 10. f3 Bc5 11. d4 Bd6 12. Nd2 Bf5 13. c4 Qe6 14. fxe4 Nxe4
15. O-O Nxd2 16. Bxd2 O-O 17. b3 Qxe3+ 18. Bxe3 Rfe8 19. Bd2 Re2 20. Ba5 Be4 21.
Rf2 Rxf2 22. Kxf2 Bxh2 23. Rh1 Bd6 24. c5 Bf4 25. Re1 Re8 26. g3 Bg5 27. Bxc7 h6
28. b4 f6 29. a4 Kf7 30. Ra1 Bd2 31. Ba5 Bc3 32. Rd1 g5 33. g4 Bc2 34. Rc1 Bxd4+
35. Kg3 Bxa4 36. Rc4 Re3+ 37. Kg2 Rd3 38. Kf1 Bb3 39. Rc1 Be6 40. Ke2 Re3+ 41.
Kd2 Bxg4 42. Rc4 Re4 43. Kd3 Be2+ 44. Kxe4 Bxc4 45. Kxd4 Bd5 46. Bb6 a6 47. Ke3
Ke6 48. Kf2 f5 49. Bc7 f4 50. Bb8 f3 51. Bh2 Kf5 52. Kg3 g4 53. Kf2 h5 54. Bg3
Kg5 55. Bh2 h4 56. Bb8 g3+ 57. Kf1 g2+ 58. Kf2 Kg4 59. Bc7 h3 60. Bb8 h2 61.
Bxh2 Kf5 62. Bd6 Ke4 63. Bc7 Kd3 64. Bd8 Kc4 65. Ba5 Kb5 66. Bd8 Kxb4 67. Be7 a5
68. Bf8 a4 69. Bg7 a3 0-1

[Event "Not important."]
[Site "http://www.queenalice.com/game.php?id=1135656"]
[Date "2012.12.30"]
[Round "-"]
[White "Ew"]
[Black "GOOD"]
[Result "0-1"]
[WhiteElo "1716"]
[BlackElo "1647"]

1. d4 d5 2. e3 Nc6 3. c4 Bf5 4. c5 e6 5. Bb5 Ne7 6. Nf3 a6 7. Bxc6+ Nxc6 8. O-O
h6 9. Nc3 Bg4 10. h3 Bxf3 11. Qxf3 Be7 12. Ne2 b6 13. cxb6 cxb6 14. Nf4 g6 15.
a3 Bd6 16. e4 Nxd4 17. Qd3 e5 18. Nxd5 g5 19. Be3 Bc5 20. b4 Bd6 21. Bxd4 exd4
22. Qxd4 f6 23. Nxf6+ Kf7 24. Nd5 Re8 25. Nxb6 Rb8 26. Nc4 Bf4 27. Qxd8 Rbxd8
28. f3 Kg6 29. Kf2 h5 30. g3 Be5 31. Nxe5+ Rxe5 32. g4 h4 33. Ke3 Rd7 34. f4
gxf4+ 35. Kxf4 Rde7 36. Rfe1 R7e6 37. Rac1 Kf6 38. Rcd1 Kg6 39. Rd5 Rxd5 40.
exd5 Rxe1 41. g5 Rf1+ 42. Ke5 Kxg5 43. d6 Re1+ 44. Kd5 Kf6 45. d7 Ke7 46. Kc6
Kd8 47. a4 Re6+ 48. Kb7 Kxd7 49. b5 axb5 50. axb5 Re4 51. b6 Rb4 52. Ka7 Kc8 53.
b7+ Rxb7+ 54. Ka8 Rb8+ 55. Ka7 Kc7 56. Ka6 Rb3 57. Ka7 Rxh3 58. Ka8 Rb3 59. Ka7
h3 60. Ka8 h2 61. Ka7 h1=Q 62. Ka6 Qa8# 0-1

[Event "Crazy."]
[Site "http://www.queenalice.com/game.php?id=1135657"]
[Date "2012.12.30"]
[Round "-"]
[White "GOOD"]
[Black "Ew"]
[Result "0-1"]
[WhiteElo "1661"]
[BlackElo "1702"]

1. e4 e5 2. Nf3 Nc6 3. a3 Nf6 4. Nc3 d5 5. Bb5 d4 6. Bxc6+ bxc6 7. Ne2 Bg4 8.
Nxe5 Bd6 9. Nxc6 Qd7 10. Ncxd4 Nxe4 11. h3 Bf5 12. Nxf5 Qxf5 13. O-O Qe5 14. g3
Qe6 15. Kh2 Ng5 16. Nf4 Bxf4 17. Qg4 Qxg4 18. hxg4 Bd6 19. Re1+ Ne6 20. d4 O-O
21. d5 Nd4 22. Bd2 Nxc2 23. Rac1 Nxe1 24. Rxe1 g6 25. g5 Rab8 26. b4 Rfe8 27.
Rd1 Re2 28. Kg2 Rbe8 29. Kf1 R8e5 30. f4 R5e4 31. g4 Rh2 32. Kg1 Rh4 33. Kg2
Bxf4 34. Bxf4 Rxf4 35. Kg3 Rhxg4+ 36. Kh3 h5 37. gxh6 Kh7 38. d6 cxd6 39. Rxd6
Kxh6 40. Rd3 f5 41. Rg3 Rxg3+ 42. Kxg3 Kg5 43. b5 Rd4 44. Kf3 Rd3+ 45. Ke2 Rxa3
46. Kd2 Rb3 47. Kc2 Rxb5 48. Kc3 f4 49. Kc4 a6 50. Kc3 f3 51. Kd2 Kf4 52. Ke1
Ke3 53. Kf1 Rb1# 0-1

[Event "Maybe"]
[Site "http://www.queenalice.com/game.php?id=1135674"]
[Date "2012.12.30"]
[Round "-"]
[White "GOOD"]
[Black "Ew"]
[Result "1-0"]
[WhiteElo "1641"]
[BlackElo "1722"]

1. e4 e5 2. Nf3 Nc6 3. a3 Nf6 4. Nc3 d5 5. Bb5 Bd7 6. exd5 Nd4 7. Bxd7+ Qxd7 8.
Nxe5 Qd6 9. O-O O-O-O 10. Nxf7 Qf4 11. d3 Qh4 12. h3 Bd6 13. Nxd6+ Rxd6 14. Be3
b6 15. Ne4 Nxe4 16. dxe4 Qxe4 17. Qxd4 Qxc2 18. Qxg7 Re8 19. Rfd1 Qxb2 20. Qxb2
Kb7 21. a4 Re5 22. Qxe5 1-0

[Event "Ma leçon"]
[Site "http://www.queenalice.com/game.php?id=1135776"]
[Date "2012.12.30"]
[Round "-"]
[White "GOOD"]
[Black "nonalors"]
[Result "1-0"]
[WhiteElo "1648"]
[BlackElo "1564"]

1. e4 d6 2. d4 c5 3. dxc5 Qa5+ 4. Bd2 Qxc5 5. Nc3 Nf6 6. Be3 Qe5 7. Bb5+ Bd7 8.
Bxd7+ Nbxd7 9. Nf3 Qa5 10. O-O Ne5 11. Nxe5 dxe5 12. Bd2 O-O-O 13. Qe2 Nxe4 14.
Nxe4 Rxd2 15. Nxd2 f6 16. Rfd1 g6 17. Nc4 Qb5 18. Rd2 Kc7 19. Rad1 Bh6 20. Rd5
Qa6 21. Rd7+ Kb8 22. Qd3 Rc8 23. Rd8 b6 24. Qd5 b5 25. Na3 Bf4 26. Nxb5 e4 27.
Nc7 Kxc7 28. Qc5+ Kb7 29. Rxc8 e6 30. Rd7+ Bc7 31. Qxc7# 1-0

[Event "mon autre leçon"]
[Site "http://www.queenalice.com/game.php?id=1135777"]
[Date "2012.12.30"]
[Round "-"]
[White "nonalors"]
[Black "GOOD"]
[Result "1-0"]
[WhiteElo "1555"]
[BlackElo "1639"]

1. e4 e5 2. Nc3 Nf6 3. d4 exd4 4. Qxd4 Nc6 5. Qe3 d6 6. Bd2 a6 7. Nd5 Nxd5 8.
exd5+ Qe7 9. Qxe7+ Nxe7 10. O-O-O Nxd5 11. Re1+ Be7 12. Nf3 Bg4 13. Be2 O-O 14.
Bc4 c6 15. h3 Bxf3 16. gxf3 Bh4 17. Bxd5 cxd5 18. Be3 Rfe8 19. Rhg1 g6 20. Rg4
Bf6 21. Rd1 h5 22. Rg2 Re5 23. Bf4 Rf5 24. Bxd6 Rxf3 25. Rxd5 Rxh3 26. Bh2 Re8
27. c3 Rh4 28. Bg3 Rh1+ 29. Kc2 Rhe1 30. Kb3 Bd8 31. f3 R1e3 32. Bf4 Rxf3 33.
Rxh5 Kf8 34. Bd6+ Be7 35. Rh8+ Kg7 36. Be5+ f6 37. Rxe8 Kf7 38. Rb8 fxe5 39.
Rxb7 Rf6 40. Re2 Re6 41. Ka4 e4 42. Ra7 g5 43. Ka5 e3 44. Rxa6 Re5+ 45. Ka4 g4
46. Ra5 Re4+ 47. b4 Bh4 48. Ra7+ Be7 49. a3 g3 50. Ra5 Bf8 51. Rf5+ Ke8 52. Rg5
Bd6 53. Rg8+ Kf7 54. Rd8 Bc7 55. Rd7+ Kf8 56. Rxc7 g2 57. Rxg2 e2 58. Rc8+ Kf7
59. Rf2+ Kg6 60. Rg2+ Kf5 61. Rf8+ Ke5 62. Re8+ Kd5 63. Rxe4 Kxe4 64. Rxe2+ Kd3
65. Rh2 Kxc3 66. Rh8 1-0

[Event "Challenge"]
[Site "http://www.queenalice.com/game.php?id=1135793"]
[Date "2012.12.30"]
[Round "-"]
[White "GOOD"]
[Black "Rodrigosm"]
[Result "1-0"]
[WhiteElo "1631"]
[BlackElo "1438"]

1. e4 Nf6 2. Nc3 c6 3. h3 d5 4. d3 Qb6 5. exd5 cxd5 6. d4 Nc6 7. Nf3 e6 8. Bb5
Bd6 9. a3 a6 10. Bxc6+ bxc6 11. O-O Bb8 12. Na4 Qc7 13. g3 Ne4 14. Bf4 Qd8 15.
Bxb8 Rxb8 16. Nd2 e5 17. Nxe4 Bxh3 18. Re1 f5 19. Nd2 f4 20. Qh5+ g6 21. Qxh3
fxg3 22. Qxg3 Rf8 23. Rxe5+ Kf7 24. Rae1 Kg8 25. Re7 Qc8 26. Qe5 Qg4+ 27. Qg3
Qf5 28. Qh2 Qg5+ 29. Kf1 Qxd2 30. Qxh7# 1-0

[Event "Challenge"]
[Site "http://www.queenalice.com/game.php?id=1136973"]
[Date "2013.1.3"]
[Round "-"]
[White "mascarade"]
[Black "GOOD"]
[Result "1-0"]
[WhiteElo "1748"]
[BlackElo "1639"]

1. e4 e5 2. Bc4 Nf6 3. d3 Nc6 4. Nc3 a6 5. Nd5 Nxd5 6. Bxd5 Bc5 7. Qf3 O-O 8. c3
d6 9. Qg3 Ne7 10. Bh6 Ng6 11. Bg5 Qe8 12. O-O-O h6 13. Bd2 Be6 14. Bxb7 Ra7 15.
Bd5 Bxd5 16. exd5 Rb7 17. Ne2 Qb5 18. b4 Nh4 19. Kc2 Nf5 20. Qg4 Qa4+ 21. Kb2
Ne3 22. fxe3 Re8 23. e4 a5 24. Bxh6 g6 25. Ka1 axb4 26. Rb1 b3 27. Nc1 Reb8 28.
Rb2 bxa2 29. Rxb7 Rxb7 30. Qc8+ Kh7 31. Qxb7 Kxh6 32. Nxa2 Qa5 33. h4 Qb6 34.
Qxb6 cxb6 35. g4 1-0

[Event "Challenge"]
[Site "http://www.queenalice.com/game.php?id=1142882"]
[Date "2013.1.20"]
[Round "-"]
[White "Ew"]
[Black "GOOD"]
[Result "0-1"]
[WhiteElo "1705"]
[BlackElo "1627"]

1. e4 e5 2. d4 exd4 3. Qxd4 Nc6 4. Qd1 Ne5 5. Bf4 Bd6 6. Bxe5 Bxe5 7. c3 Nf6 8.
Nd2 d5 9. Qe2 Bd7 10. exd5 Qe7 11. Ngf3 Bf4 12. Qxe7+ Kxe7 13. Bc4 Rae8 14. O-O
h5 15. Nb3 b6 16. g3 Bd6 17. Ng5 Kf8 18. Nd4 h4 19. Bb5 h3 20. Nc6 a5 21. Na7
Bxb5 22. Nxb5 Re5 23. Nxd6 cxd6 24. Nf3 Rxd5 25. Rfe1 Rhh5 26. Nd4 Rc5 27. Rac1
b5 28. b3 b4 29. c4 Rc8 30. Nb5 d5 31. cxd5 Rxc1 32. Rxc1 Rxd5 33. Nc7 Rd7 34.
f4 Rd2 35. f5 Ng4 36. Kf1 Nxh2+ 37. Ke1 Nf3+ 38. Kf1 h2 39. Ne6+ Kg8 40. Rc8+
Kh7 41. Ng5+ Nxg5 42. Ke1 Nf3+ 43. Kf1 h1=R# 0-1

[Event "Revenge?"]
[Site "http://www.queenalice.com/game.php?id=1152067"]
[Date "2013.2.15"]
[Round "-"]
[White "GOOD"]
[Black "Ew"]
[Result "1-0"]
[WhiteElo "1651"]
[BlackElo "1688"]

1. e4 e5 2. Nf3 Nc6 3. a3 Nf6 4. Nc3 d5 5. exd5 Nxd5 6. Nxd5 Qxd5 7. Qe2 g6 8.
c4 Qe6 9. d3 Nd4 10. Nxd4 exd4 11. Qxe6+ Bxe6 12. Bf4 O-O-O 13. Be2 b6 14. a4 c5
15. O-O f5 16. a5 Bd6 17. Bg5 Rde8 18. axb6 axb6 19. Ra6 Kb7 20. Rfa1 Bxc4 21.
Bf3+ Bd5 22. Bxd5+ Kc7 23. Ra7+ Kc8 24. g3 Re2 25. Bf4 Bxf4 26. gxf4 Rd8 27.
Ra8+ Kd7 28. R1a7+ Ke8 29. Bc6+ Kf8 30. Rxd8+ Re8 31. Rxe8# 1-0

[Event "Challenge"]
[Site "http://www.queenalice.com/game.php?id=1154996"]
[Date "2013.2.23"]
[Round "-"]
[White "Ew"]
[Black "GOOD"]
[Result "1-0"]
[WhiteElo "1652"]
[BlackElo "1668"]

1. e4 e5 2. Nf3 Qf6 3. d4 exd4 4. Nxd4 Bc5 5. Be3 Nc6 6. c3 Nxd4 7. Bxd4 Bxd4 8.
Qxd4 Qxd4 9. cxd4 d6 10. d5 Nf6 11. f3 O-O 12. g4 g5 13. Bg2 c5 14. O-O c4 15.
Nc3 a6 16. a4 b6 17. Rab1 Bb7 18. b3 Rfc8 19. bxc4 Nd7 20. a5 Rxc4 21. Ne2 b5
22. f4 Rc2 23. Nd4 Rd2 24. Nb3 Ra2 25. fxg5 Nc5 26. Nxc5 dxc5 27. Ra1 Rxa1 28.
Rxa1 c4 29. d6 Rd8 30. e5 Bc8 31. Bd5 Bxg4 32. Rf1 Be6 33. Bxe6 fxe6 34. Kg2 c3
35. Kf3 b4 36. Rc1 Kg7 37. Ke4 Kf7 38. Kd4 Rc8 39. d7 Rd8 40. Kc4 Rxd7 41. Kxb4
Rd5 42. Rxc3 Rxe5 43. h4 Rb5+ 44. Ka4 Rb7 45. Rc6 Ra7 46. h5 Ke7 47. Kb4 Kd7 48.
Kc5 Ke7 49. Kb6 Rd7 50. Kxa6 e5 51. Rc5 Ke6 52. Kb6 e4 53. a6 e3 54. a7 e2 55.
Rc1 Rd1 56. Rc6+ Rd6 57. a8=Q Kd5 58. Qa2+ Ke5 59. Qxe2+ Kd5 60. Qc4+ Ke5 61.
Qc5+ Rd5 62. Qe7+ Kd4 63. Qg7+ Ke3 64. Rc3+ Kd2 65. Rh3 Rd6+ 66. Kc7 Ra6 67.
Qb2+ Kd1 68. Rh1# 1-0

[Event "Revenge, revenge, revenge... "]
[Site "http://www.queenalice.com/game.php?id=1156507"]
[Date "2013.3.1"]
[Round "-"]
[White "Ew"]
[Black "GOOD"]
[Result "0-1"]
[WhiteElo "1628"]
[BlackElo "1651"]

1. e4 e5 2. Nf3 Nc6 3. c3 Nf6 4. d4 exd4 5. Nxd4 Nxe4 6. Nxc6 bxc6 7. Bc4 Bc5 8.
Be3 Qf6 9. Bxc5 Nxc5 10. Qe2+ Ne6 11. O-O O-O 12. Bxe6 Qxe6 13. Qxe6 dxe6 14.
Nd2 Ba6 15. Rfd1 Rab8 16. b3 Rbd8 17. Ne4 Bd3 18. Nc5 Bc2 19. Rxd8 Rxd8 20. g3
g5 21. Nb7 Rb8 22. Na5 c5 23. c4 Rb6 24. Rc1 Be4 25. Rd1 Rd6 26. Rxd6 cxd6 27.
a3 f5 28. b4 g4 29. Nb3 cxb4 30. axb4 Kf8 31. c5 dxc5 32. bxc5 Ke7 33. Kf1 Kd7
34. Ke2 Kc6 35. Ke3 e5 36. Nd2 Bd5 37. f3 Kxc5 38. fxg4 fxg4 39. Ne4+ Bxe4 40.
Kxe4 Kd6 41. Kf5 a5 42. Kxg4 a4 0-1

[Event "Always."]
[Site "http://www.queenalice.com/game.php?id=1184328"]
[Date "2013.5.24"]
[Round "-"]
[White "Ew"]
[Black "GOOD"]
[Result "0-1"]
[WhiteElo "1690"]
[BlackElo "1666"]

1. e4 e5 2. Nf3 Nc6 3. d4 exd4 4. Nxd4 Nxd4 5. Qxd4 c5 6. Qe5+ Qe7 7. Qxe7+ Bxe7
8. e5 a6 9. c4 d6 10. Bf4 dxe5 11. Bxe5 Nf6 12. Nd2 O-O 13. Bd3 Re8 14. O-O b6
15. g3 Bh3 16. Rfe1 Rad8 17. Bxf6 Bxf6 18. Rxe8+ Rxe8 19. Rb1 Rd8 20. Re1 g6 21.
Ne4 Bxb2 22. Ng5 Rxd3 23. f4 Bd7 24. Re7 Bd4+ 25. Kf1 Rd1+ 26. Kg2 Rg1+ 27. Kf3
Rf1+ 28. Ke2 Rf2+ 29. Kd3 Bf5+ 30. Ne4 Rxa2 31. Rb7 Ra3+ 32. Ke2 Bxe4 33. Rxb6
Ra2+ 34. Kd1 Bf3+ 35. Kc1 Ra1+ 36. Kc2 Be4+ 37. Kd2 a5 38. Rb8+ Kg7 39. Re8 Bf5
40. Re1 Rxe1 41. Kxe1 a4 0-1

[Event "We go!"]
[Site "http://www.queenalice.com/game.php?id=1211341"]
[Date "2013.8.25"]
[Round "-"]
[White "Ew"]
[Black "GOOD"]
[Result "0-1"]
[WhiteElo "1686"]
[BlackElo "1683"]

1. e4 e5 2. Nf3 Nc6 3. Nc3 Nf6 4. Bb5 Nd4 5. d3 Bb4 6. Bd2 Bxc3 7. Bxc3 Nxb5 8.
Nxe5 d6 9. Nc4 Nxc3 10. Qf3 Nb5 11. a4 Nd4 12. Qd1 O-O 13. c3 Nc6 0-1

[Event "Challenge"]
[Site "http://www.queenalice.com/game.php?id=1311837"]
[Date "2014.10.1"]
[Round "-"]
[White "Ew"]
[Black "GOOD"]
[Result "1-0"]
[WhiteElo "1676"]
[BlackElo "1699"]

1. e4 e5 2. Nf3 Nc6 3. d4 exd4 4. Nxd4 Nxd4 5. Qxd4 Bd6 6. Qxg7 Qf6 7. Qxf6 Nxf6
8. f3 Bc5 9. Bf4 d6 10. Nc3 Be6 11. O-O-O Bb4 12. Bd2 Rg8 13. Nd5 Bxd5 14. Bxb4
Be6 15. b3 O-O-O 16. a4 Nh5 17. a5 a6 18. g4 Nf4 19. h4 h5 20. gxh5 Nxh5 21. Bh3
Nf4 22. Bxe6+ fxe6 23. h5 c5 24. Bd2 d5 25. Bxf4 Rgf8 26. exd5 Rxf4 27. dxe6
Rxf3 28. e7 Re8 29. Rde1 Rf7 30. h6 Rh7 31. c3 Kd7 32. Rh5 Rexe7 33. Rd5+ Ke8
34. Rxe7+ Kxe7 35. Rxc5 Rxh6 36. Rc7+ Kd8 37. Rxb7 Kc8 38. Rb6 Rh3 39. Kb2 Rh2+
40. Ka3 Rh3 41. c4 Rh7 42. Rxa6 Kb7 43. Rb6+ Ka7 44. c5 Rh1 45. b4 Rh7 46. c6
Rg7 47. Ka4 Rf7 48. Kb5 Rf5+ 49. Ka4 Rf7 50. Rb7+ Rxb7 51. cxb7 Kxb7 52. Kb5 Kb8
53. Kb6 Ka8 54. a6 Kb8 55. b5 Ka8 56. Ka5 Kb8 57. b6 Ka8 58. Kb5 Kb8 59. Kc6 Ka8
60. b7+ Kb8 61. a7+ Kxa7 62. Kc7 Ka6 63. b8=Q Ka5 64. Kc6 Ka4 65. Kc5 Ka3 66.
Kc4 Ka2 67. Kc3 Ka1 68. Kc2 Ka2 69. Qb2# 1-0

[Event "Challenge"]
[Site "http://www.queenalice.com/game.php?id=1326773"]
[Date "2014.12.8"]
[Round "-"]
[White "GOOD"]
[Black "Ew"]
[Result "0-1"]
[WhiteElo "1684"]
[BlackElo "1710"]

1. e4 e5 2. a3 d5 3. exd5 Qxd5 4. Qe2 e4 5. Qe3 Nf6 6. Nc3 Qe5 7. d3 Bc5 8. Qf4
Qxf4 9. Bxf4 Na6 10. dxe4 Bd4 11. Bxa6 Bxc3+ 12. bxc3 bxa6 13. f3 c6 14. Ne2 O-O
15. O-O Rd8 16. c4 Be6 17. c5 h6 18. Rad1 Bc4 19. Rxd8+ Rxd8 20. Re1 Nh5 21. Bc7
Rd2 22. g4 Bxe2 23. gxh5 Bxf3 24. Bb8 Rxc2 25. Bxa7 Bxh5 26. Rb1 Bf3 27. e5 Rg2+
28. Kf1 Rxh2 29. Rb8+ Kh7 30. Rf8 Bd5 31. Bb8 Rc2 32. Ba7 Rc3 33. Ra8 Rxa3 34.
Bb6 f5 35. exf6 gxf6 36. Rd8 Be4 37. Rd7+ Kg6 38. Re7 f5 39. Bd8 a5 40. Re6+ Kh7
41. Re5 a4 42. Re7+ Kg6 43. Re6+ Kh5 44. Be7 Ra1+ 45. Ke2 a3 46. Bf8 Bd5 47.
Rxh6+ Kg4 48. Rg6+ Kh5 49. Rf6 Be4 50. Ke3 a2 51. Rf7 Re1+ 52. Kf4 Rf1+ 53. Kg3
Rf3+ 54. Kh2 a1=Q 55. Rh7+ Kg4 56. Bg7 Qa2+ 57. Kg1 Qf2+ 58. Kh1 Ra3# 0-1